Les tennismen ayant battu Rafael Nadal sur terre battue - Statistiques

Statistiques générales
  • Ce quiz a été pris 410 fois
  • Le résultat moyen est 24 sur 43
Statistiques - réponses
Date Tournoi Tour Réponse % Correct
02/05/2011 Master 1000 Madrid Finale Novak Djokovic
100%
09/05/2011 Master 1000 Rome Finale Novak Djokovic
100%
15/04/2013 Master 1000 Monte-Carlo Finale Novak Djokovic
100%
12/05/2014 Master 1000 Rome Finale Novak Djokovic
100%
18/04/2015 Master 1000 Monte-Carlo 1/2 finale Novak Djokovic
100%
03/06/2015 Roland Garros 1/4 de finale Novak Djokovic
100%
13/05/2016 Master 1000 Rome 1/4 de finale Novak Djokovic
100%
11/06/2021 Roland Garros 1/2 finale Novak Djokovic
100%
20/05/2007 Master 1000 Hambourg Finale Roger Federer
99%
11/05/2009 Master 1000 Madrid Finale Roger Federer
99%
07/05/2021 Master 1000 Madrid 1/4 de finale Alexander Zverev
78%
10/05/2015 Master 1000 Madrid Finale Andy Murray
78%
07/05/2016 Master 1000 Madrid 1/2 finale Andy Murray
78%
13/02/2016 Open de Buenos Aires 1/2 finale Dominic Thiem
73%
19/05/2017 Master 1000 Rome 1/4 de finale Dominic Thiem
73%
11/05/2018 Master 1000 Madrid 1/4 de finale Dominic Thiem
73%
27/04/2019 Open de Barcelone 1/2 finale Dominic Thiem
73%
15/05/2015 Master 1000 Rome 1/4 de finale Stanislas Wawrinka
73%
12/07/2004 Open de Stuttgart 1/4 de finale David Ferrer
71%
12/04/2014 Master 1000 Monte-Carlo 1/4 de finale David Ferrer
71%
12/05/2019 Master 1000 Madrid 1/2 finale Stéfanos Tsitsipás
69%
25/05/2009 Roland Garros 1/8 de finale Robin Söderling
68%
22/02/2015 Open de Rio de Janeiro 1/2 finale Fabio Fognini
45%
23/04/2015 Open de Barcelone 1/8 de finale Fabio Fognini
45%
20/04/2019 Master 1000 Monte-Carlo 1/2 finale Fabio Fognini
45%
16/04/2021 Master 1000 Monte-Carlo 1/4 de finale Andrey Rublev
43%
21/07/2003 Open d'Umag 1/2 finale Carlos Moyà
43%
05/05/2008 Master 1000 Rome 1/16 de finale Juan Carlos Ferrero
42%
19/09/2020 Master 1000 Rome 1/4 de finale Diego Schwartzman
31%
06/05/2012 Master 1000 Madrid 1/8 de finale Fernando Verdasco
30%
14/04/2003 Master 1000 Monte-Carlo 1/8 de finale Guillermo Coria
25%
12/05/2003 Master 1000 Hambourg 1/8 de finale Gastón Gaudio
22%
05/07/2004 Open de Suède 1/4 de finale Gastón Gaudio
22%
07/02/2005 Open de Buenos Aires 1/4 de finale Gastón Gaudio
22%
21/04/2014 Open de Barcelone 1/4 de finale Nicolás Almagro
16%
14/07/2003 Open de Stuttgart 1/16 de finale Fernando González
12%
21/04/2003 Open de Barcelone 1/32 de finale Àlex Corretja
9%
04/02/2013 Open du Chili Finale Horacio Zeballos
9%
21/02/2016 Open de Rio de Janeiro 1/2 finale Pablo Cuevas
8%
27/09/2004 Open de Sicile 1/8 de finale Olivier Mutis
4%
29/04/2002 Open de Majorque 1/8 de finale Olivier Rochus
2%
04/04/2005 Open de Valence 1/4 de finale Igor Andreev
1%
07/07/2003 Open de Suède 1/4 de finale Nicolás Lapentti
1%
Aucun quiz correspondant
Distribution des résultats
% des personnes avec chaque résultat
Percentile par nombre de réponses
Votre historique - résultats
Vous n’avez pas pris ce quiz